00746cam a22002297a 4500003000500000005001700005008004100022010001000063011001000073035001000083040000900093100002600102245007600128260007000204300002200274410004900296490002600345650003300371650003700404810004900441830002600490CHAP20220817042745.0971013s1986 r 00010 d a54652 a55624 a59776 cCHAP00aTshibaka, Tshikala B.14aThe effects of trade and exchange rate policies on agriculture in Zaire aWashington :bInternational Food Policy Research Institute,c1986 a65 p.b: gráfs. aInternational Food Policy Research Institute 0aResearch reportv; 5614aAgricultura y EstadoxZaire.14aProductos agrícolasxMercadeo. aInternational Food Policy Research Institute0 aResearch reportv; 56